| 000 -LEADER |
| fixed length control field |
00499nam a22001097a 4500 |
| 008 - FIXED-LENGTH DATA ELEMENTS--GENERAL INFORMATION |
| fixed length control field |
170626b xxu||||| |||| 00| 0 eng d |
| 100 ## - MAIN ENTRY--AUTHOR'S NAME |
| Author's Name |
Flack, Wylie |
| 245 ## - TITLE STATEMENT |
| Title |
Trolley car mail service in Philadelphia |
| 260 ## - PUBLICATION, DISTRIBUTION, ETC. (IMPRINT) |
| Place of publication, distribution, etc. |
[Philadelphia] |
| Name of publisher, distributor, etc. |
The Associated Stamp Clubs of South Eastern Pennsylvania and Delaware, Inc. |
| Date of publication, distribution, etc. |
1971 |
| 650 ## - TOPICAL TERM (Tag) |
| Topical term or geographic name |
United States -- Pennsylvania -- Philadelphia | Street Car Mail | Mobile Post Offices | Railway Mail | Transportation of Mail | Postal History |
| 700 ## - SECONDARY AUTHOR, EDITOR OR ILLUSTRATOR |
| Personal Name |
Stets, Robertr J. |